00550nam a2200229Ia 4500008004000000020001900040041000800059082001500067100001900082245006200101260005000163300001100213650001200224650000800236650001200244650000700256650001500263650001200278650001000290650001200300650000800312210210b2013 xxu||||| |||| 00| 0 eng d a97806911656222 aeng a339.2 DEAG aDEATON (Angus) aGreat escape: health wealth and the origins of inequality aNew JerseybPrinceton University Pressc2013 axv,361 awealth, athe aorigins aof ainequality ahealth, aGreat aescape: aand